[Event "4NCL Online Division 7"]
[Site "online"]
[Date "2021.02.09"]
[EventDate "2021.02.09"]
[Round "2.162"]
[White "Karia, Kamlesh"]
[WhiteElo "1560"]
[WhiteTeam "MHJ Bishops"]
[Black "Sumagaysay, Neil"]
[BlackElo "1689"]
[BlackTeam "Braunstone 2"]
[Result "1-0"]
[PlyCount "142"]

1. e4 e5 2. Nf3 Nc6 3. d4 exd4 4. Bc4 Bb4+ 5. c3 dxc3 6. bxc3 Ba5 7. O-O Nge7 8. Bg5 h6 9. Be3 O-O 10. Qd2 d6 11. Bxh6 Ne5 12. Nxe5 dxe5 13. Qg5 Ng6 14. Qxg6 Qf6 15. Qxf6 gxf6 16. Bxf8 Kxf8 17. f4 exf4 18. Rxf4 Ke7 19. h3 Bd7 20. Rf3 Rg8 21. Nd2 c5 22. Raf1 b5 23. Bd5 Rg6 24. e5 f5 25. Rd1 c4 26. Nf1 Rg7 27. Ne3 f4 28. Rxf4 Bxh3 29. Nf5+ Bxf5 30. Rxf5 Bxc3 31. Bc6 Ke6 32. Bd7+ Ke7 33. Bxb5 Ke6 34. Rf3 Bxe5 35. Bxc4+ Ke7 36. Re1 f6 37. Ra3 Kd6 38. Rd1+ Kc5 39. Bb3 Kb4 40. Ra6 Kb5 41. Re6 Bc3 42. Re8 a5 43. Rb8+ Ka6 44. Bc4+ Ka7 45. Rb3 Be5 46. Rd8 Bc7 47. Rf8 Bb6+ 48. Kf1 Rc7 49. Rf7 Rxf7 50. Bxf7 Bd4 51. Ke2 Be5 52. Kd3 Ka6 53. Kc4 Bd6 54. Kd5 Be5 55. Kc6 Bd4 56. Bc4+ Ka7 57. Ra3 Bb6 58. Rf3 Bd4 59. Rd3 Be5 60. Rd7+ Kb8 61. Ba6 Bf4 62. Kb6 Be3+ 63. Kxa5 Bf2 64. Kb5 Bg3 65. Rf7 Be5 66. Kc6 Bd4 67. a4 Bc3 68. Kd5 Ka8 69. Ke6 Kb8 70. g4 Ka8 71. Rxf6 Ka7 1-0

[Event "4NCL Online Division 7"]
[Site "online"]
[Date "2021.02.09"]
[EventDate "2021.02.09"]
[Round "2.163"]
[White "Pyun, Lindsay"]
[WhiteElo "1428"]
[WhiteTeam "Braunstone 2"]
[Black "Bhattacharya, Cali"]
[BlackElo "1315"]
[BlackTeam "MHJ Bishops"]
[Result "1-0"]
[PlyCount "147"]

1. e4 e6 2. d4 d5 3. exd5 exd5 4. Bd3 Nf6 5. Nf3 Bd6 6. h3 O-O 7. O-O Be6 8. Be3 h6 9. c3 Nc6 10. Nbd2 Ne7 11. Qc2 Qd7 12. Ne5 Qc8 13. f4 Nd7 14. f5 Nxe5 15. dxe5 Nxf5 16. Bxf5 Bxe5 17. Bxe6 fxe6 18. Rxf8+ Qxf8 19. Rf1 Qe7 20. Nf3 Bd6 21. Qg6 Kh8 22. Nd4 e5 23. Nf5 Qd7 24. Nxd6 Qxd6 25. Qxd6 cxd6 26. Rf7 Kg8 27. Rxb7 Kf8 28. Rd7 Rb8 29. b4 g5 30. Rxd6 Ke7 31. Rxh6 Rg8 32. Bc5+ Kd7 33. Rd6+ Kc7 34. Rxd5 Re8 35. Bxa7 Kc6 36. Rd3 e4 37. Re3 Kd5 38. Bd4 Kc4 39. a4 Kb3 40. a5 Ka4 41. Bf6 Kb3 42. Bxg5 Kc4 43. Bf6 Kb5 44. Bd4 Kc4 45. g4 Kd5 46. Kg2 Kc4 47. Kg3 Kd5 48. h4 Kc4 49. g5 Kd5 50. Kg4 Kd6 51. Kf4 Kd5 52. a6 Kc6 53. Rxe4 Rf8+ 54. Kg4 Kb5 55. a7 Ka6 56. Re6+ Kb7 57. Rb6+ Kc7 58. Rb8 Rxb8 59. axb8=Q+ Kxb8 60. g6 Kc8 61. g7 Kd7 62. g8=Q Kd6 63. Bc5+ Kc6 64. Qe6+ Kb5 65. c4+ Ka4 66. Qa6+ Kb3 67. b5 Kxc4 68. b6+ Kxc5 69. b7 Kd5 70. b8=Q Kc5 71. Qad6+ Kc4 72. Qc8+ Kb3 73. Qb6+ Ka4 74. Qca6# 1-0

[Event "4NCL Online Division 7"]
[Site "online"]
[Date "2021.02.09"]
[EventDate "2021.02.09"]
[Round "2.164"]
[White "Burnton, Joshua"]
[WhiteElo "1315"]
[WhiteTeam "MHJ Bishops"]
[Black "Mehta, Hatle"]
[BlackElo "1188"]
[BlackTeam "Braunstone 2"]
[Result "1-0"]
[PlyCount "89"]

1. e4 c5 2. Nf3 Nc6 3. Bc4 Nf6 4. e5 Ng8 5. d3 f6 6. Nh4 Nxe5 7. Bxg8 Rxg8 8. Qh5+ g6 9. Qe2 d6 10. Nc3 Bg4 11. f3 Be6 12. f4 Nc6 13. Qxe6 Rg7 14. f5 Nd4 15. Qe4 Nxc2+ 16. Kf2 Nxa1 17. Nd5 gxf5 18. Qe2 e5 19. Bh6 Rg4 20. Nxf5 Bxh6 21. Nxh6 Rg6 22. Nf5 Qd7 23. Qh5 Nc2 24. Nxf6+ Kd8 25. Nxd7 Kxd7 26. Qxh7+ Kc6 27. Qxg6 Rd8 28. Rc1 Nb4 29. Ke2 Nxa2 30. Rc4 b5 31. Rc2 Nb4 32. Qf6 Rd7 33. Rc3 Nd5 34. Qe6 Nxc3+ 35. bxc3 b4 36. cxb4 cxb4 37. Qc4+ Kb7 38. Qxb4+ Ka8 39. Nxd6 Rg7 40. Qe4+ Kb8 41. Nb5 Rb7 42. Qxe5+ Ka8 43. Nc7+ Kb8 44. Na6+ Kc8 45. Qe8# 1-0

[Event "4NCL Online Division 7"]
[Site "online"]
[Date "2021.02.09"]
[EventDate "2021.02.09"]
[Round "2.171"]
[White "Rosenbaum, Danny"]
[WhiteElo "1723"]
[WhiteTeam "Hackney Go Lucky"]
[Black "Gauri, Dhairye"]
[BlackElo "1315"]
[BlackTeam "Uxbridge Eagles"]
[Result "1-0"]
[PlyCount "129"]

1. e4 e5 2. Bc4 Nf6 3. d3 h6 4. Nc3 Bc5 5. Nf3 d6 6. O-O Bg4 7. h3 Bh5 8. a3 Nc6 9. Be3 Bb6 10. Nd5 O-O 11. Bxb6 axb6 12. c3 Na5 13. Ba2 c6 14. Nxf6+ Qxf6 15. b4 d5 16. bxa5 dxe4 17. dxe4 Rfd8 18. Qe2 Rxa5 19. Bb3 Rb5 20. Rab1 Qe7 21. Bc4 Ra5 22. Rxb6 Rxa3 23. Qb2 Bxf3 24. gxf3 Qg5+ 25. Kh1 Ra4 26. Be2 Rd2 27. Qc1 Rxe2 28. Qxg5 hxg5 29. Rxb7 Ra3 30. c4 Rxf3 31. Kg2 Rf4 32. Rc7 Rexe4 33. Rxc6 Rxc4 34. Ra6 g4 35. hxg4 Rxg4+ 36. Kf3 Rgf4+ 37. Ke3 Rc3+ 38. Kd2 Rb3 39. Ke2 f6 40. Ra8+ Kf7 41. Ra7+ Kg6 42. Rg1+ Kf5 43. Ra2 g5 44. Rg3 Rbb4 45. Rd3 Rbe4+ 46. Kf1 Rh4 47. Raa3 g4 48. Rg3 Kg5 49. Rae3 Rxe3 50. Rxe3 Kf4 51. Ra3 f5 52. Kg2 e4 53. Re3 Rh3 54. Re2 e3 55. fxe3+ Rxe3 56. Rf2+ Rf3 57. Ra2 Rg3+ 58. Kf2 Kg5 59. Kxg3 f4+ 60. Kg2 f3+ 61. Kg3 Kf5 62. Ra4 Kg5 63. Rxg4+ Kf5 64. Rf4+ Ke5 65. Rxf3 1-0

[Event "4NCL Online Division 7"]
[Site "online"]
[Date "2021.02.09"]
[EventDate "2021.02.09"]
[Round "2.172"]
[White "Tarigopula, Varish"]
[WhiteElo "1258"]
[WhiteTeam "Uxbridge Eagles"]
[Black "Morgan, Marc"]
[BlackElo "1632"]
[BlackTeam "Hackney Go Lucky"]
[Result "0-1"]
[PlyCount "140"]

1. e4 c5 2. Nf3 e6 3. d4 cxd4 4. Nxd4 Nc6 5. Nc3 a6 6. Be3 Be7 7. Bd3 d6 8. Qd2 Nf6 9. Nb3 O-O 10. O-O-O Qc7 11. h4 b5 12. h5 Ng4 13. f3 Nxe3 14. Qxe3 b4 15. Ne2 e5 16. Rdg1 Qd8 17. Kb1 Bg5 18. Qf2 Be6 19. f4 exf4 20. Nxf4 Bxb3 21. cxb3 Ne5 22. Be2 f5 23. Ne6 fxe4 24. Nxf8 Qxf8 25. Qg3 Qe7 26. Rf1 d5 27. Rf5 Bf6 28. Rhf1 Kh8 29. h6 d4 30. hxg7+ Bxg7 31. Rh1 d3 32. Qh3 h6 33. Bg4 Nxg4 34. Qxg4 Rg8 35. Rfh5 Qf6 36. Rxh6+ Bxh6 37. Qxe4 d2 38. Qe2 Qg6+ 39. Ka1 Qd6 40. Kb1 Rg7 41. Qe8+ Kh7 42. Qe4+ Qg6 43. Qxg6+ Rxg6 44. a3 Rxg2 45. axb4 Re2 46. Kc2 Re1 47. Rxh6+ Kxh6 48. Kxd2 Re8 49. Kc3 Rc8+ 50. Kd2 Kg6 51. Kd3 Kf6 52. Kd4 Ke6 53. Kd3 Kd5 54. Kd2 Kc6 55. Kc3 Kb5+ 56. Kd2 Kxb4 57. Kd3 Kxb3 58. Kd2 Kxb2 59. Kd3 a5 60. Kd4 a4 61. Kd5 a3 62. Kd6 a2 63. Kd7 Rc1 64. Kd6 a1=Q 65. Kd5 Qa5+ 66. Kd4 Qd2+ 67. Ke5 Re1+ 68. Kf5 Qf2+ 69. Kg5 Rg1+ 70. Kh5 Qh2# 0-1

[Event "4NCL Online Division 7"]
[Site "online"]
[Date "2021.02.09"]
[EventDate "2021.02.09"]
[Round "2.173"]
[White "McCabe, Gavin"]
[WhiteElo "1514"]
[WhiteTeam "Hackney Go Lucky"]
[Black "Knight, Samuel"]
[BlackElo "1291"]
[BlackTeam "Uxbridge Eagles"]
[Result "0-1"]
[PlyCount "98"]

1. d4 e6 2. Bf4 d5 3. Nf3 c5 4. e3 Nc6 5. c3 Nf6 6. Bb5 Bd7 7. O-O a6 8. Ba4 b5 9. Bc2 c4 10. Nbd2 Nh5 11. Bg5 Be7 12. Re1 Bxg5 13. Nxg5 Qxg5 14. Nf3 Qd8 15. e4 O-O 16. Qd2 Nf6 17. e5 Ne4 18. Bxe4 dxe4 19. Rxe4 Ne7 20. Rg4 Nf5 21. Re1 Bc6 22. Re3 g6 23. Re1 Bxf3 24. gxf3 Qd5 25. Qf4 Rab8 26. Kg2 b4 27. h4 Ng7 28. Rh1 h5 29. Rg5 bxc3 30. bxc3 Rb2 31. Rh3 Rxa2 32. Rhg3 Qb7 33. Qf6 Qb2 34. Kh2 Qxf2+ 35. Rg2 Qxh4+ 36. Kg1 Qe1+ 37. Kh2 Rxg2+ 38. Rxg2 Rb8 39. d5 Rb1 40. d6 Qh1+ 41. Kg3 Nf5+ 42. Kf4 Qh4+ 43. Qxh4 Nxh4 44. Rd2 Rb8 45. d7 Rd8 46. Kg5 Nxf3+ 47. Kf6 Nxd2 48. Ke7 Rxd7+ 49. Kxd7 h4 0-1

[Event "4NCL Online Division 7"]
[Site "online"]
[Date "2021.02.09"]
[EventDate "2021.02.09"]
[Round "2.174"]
[White "Tarigopula, Pawan Kumar"]
[WhiteElo "1280"]
[WhiteTeam "Uxbridge Eagles"]
[Black "Nabijou, Kayvon"]
[BlackElo "1300"]
[BlackTeam "Hackney Go Lucky"]
[Result "0-1"]
[PlyCount "102"]

1. d4 Nf6 2. Bf4 e6 3. e3 c5 4. c3 d5 5. Bd3 Qb6 6. Qc2 c4 7. Be2 Nc6 8. Nd2 Bd7 9. h3 a5 10. Ngf3 Na7 11. a4 Bd6 12. Bxd6 Qxd6 13. Ne5 O-O 14. g4 Bc6 15. Bf3 Nd7 16. Nxd7 Qxd7 17. Bg2 b5 18. axb5 Nxb5 19. Nf3 f6 20. g5 Kh8 21. gxf6 gxf6 22. h4 a4 23. Qc1 Ra7 24. Nh2 Rfa8 25. Ng4 a3 26. bxa3 Nxa3 27. Ke2 Nb5 28. Rxa7 Qxa7 29. Nxf6 Rf8 30. Ng4 h5 31. Ne5 Qa2+ 32. Kd1 Rxf2 33. Ng6+ Kg7 34. Nf4 Rxg2 35. Nxg2 Qxg2 36. Re1 Nxd4 37. Qd2 Ba4+ 38. Kc1 Nb3+ 39. Kb2 Qxd2+ 40. Ka3 Qxe1 41. Kxa4 Qb1 42. Kb4 Nd2+ 43. Kc5 Kf6 44. e4 dxe4 45. Kd6 Qb5 46. Kc7 e3 47. Kd6 Qd5+ 48. Kc7 Ke7 49. Kb6 Kd7 50. Ka6 Kc7 51. Ka7 Qb7# 0-1

[Event "4NCL Online Division 7"]
[Site "online"]
[Date "2021.02.09"]
[EventDate "2021.02.09"]
[Round "2.181"]
[White "Warren, Archie"]
[WhiteElo "1367"]
[WhiteTeam "Farnham C"]
[Black "Kapur, Gul"]
[BlackElo "1466"]
[BlackTeam "Enfield 2"]
[Result "0-1"]
[PlyCount "44"]

1. d4 d5 2. Bf4 Bf5 3. c4 c6 4. e3 Nf6 5. Nc3 e6 6. Nf3 Qa5 7. a3 Ne4 8. Rc1 Nd7 9. c5 b6 10. Bd3 bxc5 11. dxc5 Ndxc5 12. O-O Nxc3 13. Rxc3 Bxd3 14. Rxd3 Nxd3 15. Qxd3 c5 16. Rc1 Be7 17. Ne5 Rc8 18. b4 Qa4 19. Qc3 O-O 20. bxc5 Rxc5 21. Qb2 Rfc8 22. Rxc5 Qd1# 0-1

[Event "4NCL Online Division 7"]
[Site "online"]
[Date "2021.02.09"]
[EventDate "2021.02.09"]
[Round "2.182"]
[White "Clarke, Anthony J"]
[WhiteElo "1430"]
[WhiteTeam "Enfield 2"]
[Black "Franklin, Tony"]
[BlackElo "1266"]
[BlackTeam "Farnham C"]
[Result "1-0"]
[PlyCount "55"]

1. d4 Nf6 2. c4 e6 3. a3 Be7 4. Bg5 O-O 5. Nf3 c6 6. e3 Ne4 7. Bxe7 Qxe7 8. Bd3 d5 9. cxd5 cxd5 10. O-O Nd7 11. Nc3 Ndf6 12. Rc1 Bd7 13. Ne5 a6 14. f4 Rab8 15. Qf3 Bc6 16. Qe2 Nd7 17. Nxc6 bxc6 18. Bxe4 dxe4 19. Nxe4 Rb5 20. Rc2 f5 21. Ng3 Rb6 22. Rfc1 Nb8 23. b4 Rf6 24. Qc4 Rh6 25. Nxf5 Qf6 26. Nxh6+ Qxh6 27. Qc5 g6 28. Qxb6 1-0

[Event "4NCL Online Division 7"]
[Site "online"]
[Date "2021.02.09"]
[EventDate "2021.02.09"]
[Round "2.183"]
[White "Warnock, Oliver"]
[WhiteElo "1258"]
[WhiteTeam "Farnham C"]
[Black "McWilliams, Mark"]
[BlackElo "1380"]
[BlackTeam "Enfield 2"]
[Result "1-0"]
[PlyCount "99"]

1. d4 Nf6 2. c4 e6 3. Nc3 d5 4. Nf3 Be7 5. Bf4 c5 6. dxc5 Bxc5 7. cxd5 exd5 8. e3 O-O 9. Bd3 Bg4 10. Be2 Nc6 11. Qb3 Bb6 12. O-O Na5 13. Qb5 Qd7 14. Rad1 Qxb5 15. Nxb5 Rfd8 16. h3 Bxf3 17. Bxf3 Nc4 18. b3 Na5 19. Nc7 Bxc7 20. Bxc7 Rdc8 21. Bxa5 b6 22. Bc3 Ne4 23. Bxe4 dxe4 24. Bb2 Rc2 25. Ba3 Rxa2 26. Bb4 a5 27. Bc3 Ra3 28. Rb1 a4 29. Rfc1 axb3 30. Bb2 Ra2 31. Rc4 f5 32. Bd4 Re2 33. Rxb3 Raa2 34. Rc8+ Kf7 35. Rc7+ Kg6 36. Rxb6+ Kh5 37. Rxg7 Rxf2 38. Rxh7+ Kg5 39. Rg7+ Kh5 40. Rh7+ Kg5 41. Rbb7 Rxg2+ 42. Kf1 Rgf2+ 43. Ke1 Rfe2+ 44. Kd1 f4 45. Rbg7+ Kf5 46. Rh5+ Ke6 47. Rh6+ Kd5 48. Rd7+ Kc4 49. Rc7+ Kd5 50. Rc5# 1-0

[Event "4NCL Online Division 7"]
[Site "online"]
[Date "2021.02.09"]
[EventDate "2021.02.09"]
[Round "2.184"]
[White "Dometakis, Lakis"]
[WhiteElo "1276"]
[WhiteTeam "Enfield 2"]
[Black "Warren, Orla"]
[BlackElo "1186"]
[BlackTeam "Farnham C"]
[Result "1-0"]
[PlyCount "101"]

1. e4 e6 2. d4 d5 3. exd5 exd5 4. c4 Be6 5. cxd5 Bxd5 6. Nf3 Bd6 7. Bd3 Nf6 8. O-O O-O 9. Nc3 Bxf3 10. Qxf3 Qd7 11. Bf4 Bxf4 12. Qxf4 Nd5 13. Qh4 h6 14. Nxd5 Qxd5 15. b3 Nc6 16. Bc4 Qd6 17. Rad1 Rad8 18. d5 Ne7 19. Rfe1 Rfe8 20. Qd4 Kf8 21. Qxa7 Qb6 22. Qa3 Qd6 23. Qb2 Qf6 24. Qc2 g6 25. h3 Nf5 26. Rxe8+ Rxe8 27. Bb5 Rd8 28. Qxc7 Nh4 29. Qc5+ Kg8 30. a4 Qg5 31. Bf1 Nf5 32. Qc3 Ne7 33. d6 Nf5 34. d7 Qe7 35. Bb5 Nd6 36. Re1 Nxb5 37. Rxe7 Nxc3 38. Re8+ Rxe8 39. dxe8=Q+ Kg7 40. Qe5+ Kf8 41. Qxc3 b6 42. b4 Ke7 43. a5 bxa5 44. bxa5 Ke6 45. a6 Ke7 46. a7 Ke6 47. a8=Q Kf5 48. Qac8+ Ke4 49. Q8c4+ Kf5 50. Qf3+ Ke5 51. Qcd5# 1-0

[Event "4NCL Online Division 7"]
[Site "online"]
[Date "2021.02.09"]
[EventDate "2021.02.09"]
[Round "2.191"]
[White "Smith, Bob"]
[WhiteElo "1422"]
[WhiteTeam "East Kilbride Rovers"]
[Black "Wylie, Steve"]
[BlackElo "1755"]
[BlackTeam "Devana Corieltauvorum"]
[Result "0-1"]
[PlyCount "68"]

1. Nf3 Nf6 2. c4 e6 3. g3 c5 4. Bg2 Nc6 5. O-O Be7 6. b3 d6 7. d4 cxd4 8. Nxd4 Nxd4 9. Qxd4 O-O 10. Bb2 Qc7 11. Nc3 Bd7 12. Rfd1 a6 13. Rac1 Bc6 14. e4 Rfd8 15. Re1 Rab8 16. Qe3 b5 17. cxb5 axb5 18. Ne2 Qb7 19. Nd4 Be8 20. h3 Qb6 21. Qe2 d5 22. exd5 Nxd5 23. Nf3 Ra8 24. Bd4 Qa5 25. Ra1 b4 26. Ne5 Bf6 27. Bxd5 Rxd5 28. Qg4 Bxe5 29. Rxe5 Rxe5 30. f4 h5 31. Qf3 Rd5 32. Qe4 Qd8 33. Rd1 Ra6 34. g4 Rad6 0-1

[Event "4NCL Online Division 7"]
[Site "online"]
[Date "2021.02.09"]
[EventDate "2021.02.09"]
[Round "2.192"]
[White "Pettitt, David"]
[WhiteElo "1658"]
[WhiteTeam "Devana Corieltauvorum"]
[Black "Nagar, Pankaj"]
[BlackElo "779"]
[BlackTeam "East Kilbride Rovers"]
[Result "1-0"]
[PlyCount "135"]

1. d4 d5 2. c4 c6 3. Nc3 Nf6 4. e3 Bg4 5. Nf3 e6 6. cxd5 cxd5 7. a3 a6 8. b4 Bd6 9. h3 Bh5 10. Bb2 Nc6 11. Rc1 h6 12. Bd3 O-O 13. O-O e5 14. dxe5 Nxe5 15. Be2 Nxf3+ 16. Bxf3 Bxf3 17. Qxf3 Bc7 18. Rfd1 Qd6 19. Nxd5 Nxd5 20. Rxd5 Qh2+ 21. Kf1 f6 22. Rd7 Be5 23. Qd5+ Kh8 24. Rc2 Bxb2 25. Rxb2 Rac8 26. Ke2 Rfe8 27. Rd2 Qb8 28. Qxb7 Qxb7 29. Rxb7 Rc3 30. a4 Kh7 31. Rdd7 Rg8 32. Ra7 Rc6 33. b5 axb5 34. axb5 Rb6 35. Rab7 Rxb7 36. Rxb7 Ra8 37. b6 Kg6 38. Ra7 Rb8 39. b7 Kf5 40. Ra5+ Ke6 41. Rb5 Kd7 42. Kf3 Kc6 43. Rb3 Rxb7 44. Rxb7 Kxb7 45. Ke4 Kc6 46. Kf5 Kd7 47. Kg6 Ke6 48. Kxg7 h5 49. Kg6 h4 50. Kh5 Kf5 51. Kxh4 Kg6 52. Kg4 Kf7 53. Kf5 Kg7 54. h4 Kf7 55. h5 Kg7 56. g4 Kf7 57. f4 Kg7 58. Ke6 f5 59. Kxf5 Kh6 60. Kf6 Kh7 61. Kf7 Kh6 62. e4 Kh7 63. e5 Kh8 64. e6 Kh7 65. e7 Kh6 66. e8=Q Kh7 67. Qg8+ Kh6 68. Qg6# 1-0

[Event "4NCL Online Division 7"]
[Site "online"]
[Date "2021.02.09"]
[EventDate "2021.02.09"]
[Round "2.193"]
[White "Roul, Karan"]
[WhiteElo "430"]
[WhiteTeam "East Kilbride Rovers"]
[Black "Townsend, Ray P"]
[BlackElo "1698"]
[BlackTeam "Devana Corieltauvorum"]
[Result "0-1"]
[PlyCount "22"]

1. e4 b6 2. Nf3 Bb7 3. Nc3 e6 4. a3 Ne7 5. d4 Ng6 6. Be3 Be7 7. Qd2 a6 8. Bd3 O-O 9. O-O d6 10. Rfe1 Nd7 11. Bg5 h6 0-1

[Event "4NCL Online Division 7"]
[Site "online"]
[Date "2021.02.09"]
[EventDate "2021.02.09"]
[Round "2.194"]
[White "Twigg, James"]
[WhiteElo "1650"]
[WhiteTeam "Devana Corieltauvorum"]
[Black "Roul, Tushar"]
[BlackElo "392"]
[BlackTeam "East Kilbride Rovers"]
[Result "1/2-1/2"]
[PlyCount "34"]

1. e4 d5 2. exd5 Nf6 3. c4 c6 4. dxc6 Nxc6 5. Nf3 e5 6. d3 Bb4+ 7. Bd2 Bxd2+ 8. Nbxd2 O-O 9. Be2 Bf5 10. Nb3 Nb4 11. Nxe5 Re8 12. Nf3 Bxd3 13. Nbd4 Bxe2 14. Nxe2 Qxd1+ 15. Rxd1 Nxa2 16. Nd4 Nb4 17. O-O Na6 1/2-1/2

[Event "4NCL Online Division 7"]
[Site "online"]
[Date "2021.02.09"]
[EventDate "2021.02.09"]
[Round "2.201"]
[White "Orija, Olusegun"]
[WhiteElo "1400"]
[WhiteTeam "Streatham C"]
[Black "Boyd, Chris"]
[BlackElo "1833"]
[BlackTeam "Newport B"]
[Result "1-0"]
[PlyCount "91"]

1. d4 d5 2. Bf4 Nf6 3. Nf3 e6 4. e3 c5 5. c4 cxd4 6. exd4 Bb4+ 7. Bd2 Bd6 8. c5 Bc7 9. Be2 O-O 10. O-O Nc6 11. b4 e5 12. dxe5 Nxe5 13. Na3 Nxf3+ 14. Bxf3 Bf5 15. Rc1 Ne4 16. Be3 Be5 17. Nb5 Qh4 18. g3 Qd8 19. Nd4 Bh3 20. Bg2 Qd7 21. b5 Bxg2 22. Kxg2 Bxd4 23. Qxd4 Rac8 24. a4 h6 25. Rfd1 Nf6 26. Bxh6 Qf5 27. Be3 Rfe8 28. Qf4 Qh5 29. Qg5 Qh7 30. Bd4 Ne4 31. Qxd5 Rcd8 32. Qxb7 Ng5 33. h4 Ne6 34. Be3 f5 35. Rxd8 Nxd8 36. Qd5+ Kh8 37. c6 Ne6 38. c7 Qg8 39. Qxf5 g6 40. Qf6+ Ng7 41. Bd4 Rc8 42. a5 Kh7 43. Qxg7+ Qxg7 44. Bxg7 Kxg7 45. b6 axb6 46. axb6 1-0

[Event "4NCL Online Division 7"]
[Site "online"]
[Date "2021.02.09"]
[EventDate "2021.02.09"]
[Round "2.202"]
[White "Addis, Joseph"]
[WhiteElo "1825"]
[WhiteTeam "Newport B"]
[Black "Buckman, Cyrus"]
[BlackElo "1353"]
[BlackTeam "Streatham C"]
[Result "1-0"]
[PlyCount "71"]

1. d4 Nf6 2. c4 g6 3. Nc3 Bg7 4. e4 d6 5. Nf3 O-O 6. h3 e5 7. dxe5 dxe5 8. Qxd8 Rxd8 9. Nd5 Nxd5 10. cxd5 c6 11. Bc4 cxd5 12. Bxd5 Nc6 13. Bg5 Rd6 14. O-O-O Be6 15. Bxe6 Rxe6 16. Rd7 Rc8 17. Kb1 b6 18. Rc1 h6 19. Bh4 g5 20. Bg3 Ree8 21. Rd6 Re6 22. Rxe6 fxe6 23. Nxe5 Bxe5 24. Bxe5 Ne7 25. Rxc8+ Nxc8 26. Kc2 Kf7 27. Kd3 Ne7 28. Kc4 a6 29. Bd4 b5+ 30. Kc5 Ke8 31. Kd6 Ng6 32. g3 Nf8 33. Bg7 h5 34. Bxf8 Kxf8 35. Kxe6 Kg7 36. e5 1-0

[Event "4NCL Online Division 7"]
[Site "online"]
[Date "2021.02.09"]
[EventDate "2021.02.09"]
[Round "2.203"]
[White "Isaacs, Ruairi"]
[WhiteElo "1338"]
[WhiteTeam "Streatham C"]
[Black "Thomas, Clive"]
[BlackElo "1770"]
[BlackTeam "Newport B"]
[Result "0-1"]
[PlyCount "90"]

1. e4 e6 2. d4 d5 3. Nd2 Nc6 4. Ngf3 Nf6 5. e5 Nd7 6. Bb5 a6 7. Bxc6 bxc6 8. O-O c5 9. c3 cxd4 10. cxd4 c5 11. Re1 Be7 12. b3 O-O 13. Bb2 a5 14. Rc1 Ba6 15. h3 Qb6 16. Nf1 Rfc8 17. Ng3 cxd4 18. Bxd4 Bc5 19. Bxc5 Rxc5 20. Rxc5 Qxc5 21. Qc1 Rc8 22. Qxc5 Rxc5 23. Ra1 Rc3 24. Nf1 g6 25. Ng3 Bd3 26. Ne1 Nxe5 27. Nxd3 Nxd3 28. Ne2 Rc2 29. Nd4 Rc5 30. Rd1 Nf4 31. Nf3 f6 32. Kf1 e5 33. Kg1 Kf7 34. Kf1 Ke6 35. Kg1 Rc2 36. Ra1 Nd3 37. Ne1 Nxe1 38. Rxe1 Rxa2 39. Rb1 d4 40. b4 axb4 41. Rxb4 Ra1+ 42. Kh2 d3 43. Rb2 Kd5 44. Rd2 Kc4 45. Kg3 Kc3 0-1

[Event "4NCL Online Division 7"]
[Site "online"]
[Date "2021.02.09"]
[EventDate "2021.02.09"]
[Round "2.204"]
[White "Gibiec, Mateusz"]
[WhiteElo "1720"]
[WhiteTeam "Newport B"]
[Black "McNeil, Eric Dylan"]
[BlackElo "1004"]
[BlackTeam "Streatham C"]
[Result "1-0"]
[PlyCount "101"]

1. e4 c6 2. Nf3 d5 3. Nc3 d4 4. Ne2 c5 5. c3 Nc6 6. cxd4 cxd4 7. Qa4 Bd7 8. Nexd4 e5 9. Nxc6 Bxc6 10. Bb5 Qd7 11. Bxc6 Qxc6 12. Qxc6+ bxc6 13. Nxe5 Ne7 14. d4 Rd8 15. Be3 g6 16. Rc1 Rd6 17. O-O Bg7 18. Rc2 O-O 19. Rfc1 Rc8 20. f4 f5 21. d5 fxe4 22. Nxc6 Nf5 23. Ne7+ Nxe7 24. Rxc8+ Nxc8 25. Rxc8+ Kf7 26. Rc7+ Kg8 27. Rxa7 Rxd5 28. b4 Rd3 29. Kf2 Rd2+ 30. Bxd2 Bd4+ 31. Be3 Bxa7 32. Bxa7 Kf7 33. Ke3 Kf6 34. a4 g5 35. fxg5+ Kxg5 36. a5 h5 37. a6 h4 38. Bc5 Kg4 39. a7 h3 40. g3 Kf5 41. a8=Q Kg4 42. Qxe4+ Kg5 43. Qf4+ Kh5 44. Ke4 Kg6 45. Ke5 Kh5 46. Ke6 Kg6 47. Qf5+ Kh6 48. Be3+ Kg7 49. Qf6+ Kh7 50. Qf7+ Kh8 51. Bd4# 1-0

[Event "4NCL Online Division 7"]
[Site "online"]
[Date "2021.02.09"]
[EventDate "2021.02.09"]
[Round "2.211"]
[White "Bernard, Christopher"]
[WhiteElo "1696"]
[WhiteTeam "Streatham B"]
[Black "Humeniuk, Michael"]
[BlackElo "1496"]
[BlackTeam "Hertford 4"]
[Result "1/2-1/2"]
[PlyCount "104"]

1. Nf3 d5 2. c4 dxc4 3. Na3 Nc6 4. Nxc4 e6 5. g3 Bb4 6. Bg2 Nf6 7. a3 Bc5 8. b4 Bd6 9. Nxd6+ cxd6 10. O-O O-O 11. d3 e5 12. Bb2 Re8 13. Nd2 d5 14. Rc1 Bg4 15. Re1 Rc8 16. Qb3 Qd6 17. e3 Be6 18. d4 e4 19. Bc3 Red8 20. b5 Ne7 21. Bb4 Qd7 22. Qb1 Nf5 23. a4 Nd6 24. Bxd6 Qxd6 25. Nb3 b6 26. Na1 Qd7 27. Nc2 Ne8 28. Nb4 Nd6 29. Nc6 Re8 30. Ne5 Qe7 31. Rxc8 Rxc8 32. Rc1 f6 33. Rxc8+ Nxc8 34. Nc6 Qc7 35. Qb4 Kf7 36. Qb1 Ne7 37. Nxe7 Kxe7 38. Kf1 Qc4+ 39. Ke1 Qxa4 40. f3 f5 41. fxe4 fxe4 42. Bf1 Qa3 43. Qc1 Qb4+ 44. Kf2 Qd6 45. Qa1 Qc7 46. Qa3+ Kd7 47. Qf8 Qd8 48. Qxg7+ Qe7 49. Qe5 Qd6 50. Qg7+ Qe7 51. Qe5 Qd6 52. Qg7+ Qe7 1/2-1/2

[Event "4NCL Online Division 7"]
[Site "online"]
[Date "2021.02.09"]
[EventDate "2021.02.09"]
[Round "2.212"]
[White "Uckuronis, Gie"]
[WhiteElo "1375"]
[WhiteTeam "Hertford 4"]
[Black "Chung, Michael"]
[BlackElo "1631"]
[BlackTeam "Streatham B"]
[Result "0-1"]
[PlyCount "91"]

1. d4 Nf6 2. d5 d6 3. Nc3 c6 4. e4 e6 5. Bg5 Be7 6. f4 exd5 7. e5 dxe5 8. fxe5 Nfd7 9. Bf4 Bg5 10. e6 Bxf4 11. exd7+ Nxd7 12. Qf3 Bh6 13. Be2 O-O 14. Nh3 Ne5 15. Qg3 Nc4 16. Bxc4 dxc4 17. O-O Qb6+ 18. Kh1 Qxb2 19. Ne4 Kh8 20. c3 Qc2 21. Neg5 Bxh3 22. Nxh3 Qd3 23. Qc7 f5 24. Nf4 Qxc3 25. Ne6 Rfe8 26. Qxb7 Rac8 27. Rad1 Qf6 28. Nd4 f4 29. Qd7 Rcd8 30. Qxa7 Re7 31. Nxc6 Rxa7 32. Rxd8+ Qxd8 33. Nxd8 c3 34. Rc1 Rd7 35. Ne6 g5 36. h3 Rd6 37. Nc5 Bg7 38. a4 Rc6 39. Ne4 c2 40. Nxg5 Bb2 41. Rxc2 Rxc2 42. Nf7+ Kg7 43. Ng5 Kg6 44. Ne6 Kf5 45. Ng7+ Bxg7 46. a5 0-1

[Event "4NCL Online Division 7"]
[Site "online"]
[Date "2021.02.09"]
[EventDate "2021.02.09"]
[Round "2.213"]
[White "Oshundiya, Angelo"]
[WhiteElo "1486"]
[WhiteTeam "Streatham B"]
[Black "Brewis, Alan"]
[BlackElo "1349"]
[BlackTeam "Hertford 4"]
[Result "1-0"]
[PlyCount "83"]

1. c4 f5 2. Nc3 Nf6 3. g3 e6 4. Bg2 Be7 5. e3 O-O 6. d4 d6 7. Nge2 Nc6 8. b3 a6 9. Nf4 Qd7 10. Nxe6 Re8 11. Nf4 Nd8 12. Bb2 Ne6 13. Nxe6 Qxe6 14. Nd5 Qd7 15. Qd2 Nxd5 16. Bxd5+ Kh8 17. O-O Bf6 18. Rfe1 c6 19. Bg2 d5 20. cxd5 cxd5 21. Qa5 Rd8 22. Ba3 Qb5 23. Qc7 Rd7 24. Qf4 Rf7 25. Rec1 Be6 26. Rc5 Qe8 27. Rac1 Be7 28. Ra5 b6 29. Ra4 b5 30. Ra5 Bxa3 31. Rxa3 a5 32. Bxd5 b4 33. Bxa8 bxa3 34. Bg2 Qd8 35. Qe5 Rd7 36. Qxe6 h6 37. Qxf5 Qe7 38. Qxa5 Ra7 39. Rc8+ Kh7 40. Qd8 Qf7 41. Be4+ g6 42. Qh8# 1-0

[Event "4NCL Online Division 7"]
[Site "online"]
[Date "2021.02.09"]
[EventDate "2021.02.09"]
[Round "2.214"]
[White "Kirby, Brian"]
[WhiteElo "1202"]
[WhiteTeam "Hertford 4"]
[Black "Mo, Alex"]
[BlackElo "1345"]
[BlackTeam "Streatham B"]
[Result "0-1"]
[PlyCount "152"]

1. Nf3 d5 2. d4 e6 3. c3 Nf6 4. Nbd2 Be7 5. e3 O-O 6. a3 Nbd7 7. Bd3 c5 8. c4 cxd4 9. Nxd4 dxc4 10. Bxc4 Bc5 11. N4f3 b6 12. b4 Be7 13. O-O Bb7 14. Be2 Rc8 15. Bb2 Qc7 16. Rc1 Qd6 17. Nc4 Qxd1 18. Rfxd1 Rfd8 19. h3 Bd5 20. Ncd2 Rc6 21. Bb5 Rxc1 22. Rxc1 Bb7 23. Rc7 Bd5 24. Ne5 Nxe5 25. Bxe5 Bf8 26. Bc4 h6 27. Bxf6 gxf6 28. f3 Bd6 29. Rxa7 Bxc4 30. Nxc4 b5 31. Nb6 Bg3 32. Rd7 Rb8 33. Nd5 exd5 34. Rxd5 Rc8 35. Kf1 Rc1+ 36. Ke2 Re1+ 37. Kd3 Ra1 38. Rxb5 Rxa3+ 39. Ke2 Ra2+ 40. Kf1 Ra1+ 41. Ke2 Rg1 42. f4 Rxg2+ 43. Kf3 Rg1 44. Rd5 Be1 45. b5 Ba5 46. Rd6 Kg7 47. b6 Rb1 48. b7 Rxb7 49. Kg4 Rb6 50. Rd5 Bb4 51. h4 Re6 52. Kf3 Be1 53. h5 Bb4 54. e4 Bc3 55. Rc5 Bb4 56. Rd5 Bd6 57. f5 Re5 58. Rxd6 Rc5 59. Rd3 Rc1 60. Rd2 Rf1+ 61. Kg2 Rf4 62. Kg3 Rxe4 63. Kf3 Ra4 64. Rg2+ Kh7 65. Rg4 Ra3+ 66. Kf4 Rh3 67. Rg3 Rxh5 68. Kg4 Rg5+ 69. Kf4 Rxg3 70. Kxg3 h5 71. Kh3 Kg7 72. Kh4 Kh6 73. Kg3 Kg5 74. Kh3 Kxf5 75. Kh4 Kg6 76. Kg3 Kg5 0-1